000 00582nam a2200193 i 4500
001 21524
003 ES-MaACL
005 20251002203052.0
007 t|
008 021126s1971 sp ||||1| spa d
080 _a929 Soto, Hernando de
100 1 _aAlbornoz, Miguel.
_919413
245 1 0 _aHernando de Soto
_b: el Amadís de la Florida /
_cMiguel Albornoz.
260 _a[Madrid] :
_bRevista de Occidente,
_c[1971]
300 _a349 p., 4 lám. ;
_c22 cm.
600 1 7 _aSoto, Hernando de,
_dca. 1500-1542
_2
_9152418
852 _aES-MaACL
_jC-42934
999 _c21524
_d21524